000 00592nam a2200181 i 4500
001 bg
100 1 _aHan, Zdzisław.
245 0 _aOchrona przed korozją konstrukcji z betonu pracujących w warunkach wysokiej wilgotności /
_cZ. Han, Z. Węglarz ; Instytut Techniki Budowlanej.
260 _aWarszawa :
_bITB,
_c1977.
650 9 _aKonstrukcje betonowe
_xbadanie
650 9 _aKorozja i erozja
_xzapobieganie i zwalczanie
700 1 _aWęglarz, Zbigniew.
040 _cBPK
041 _apol
080 _a624.012.4:620.193
942 _cKS
008 s pl f |000 0 pol
999 _c17585
_d17585
856 _uhttp://koha.tu.koszalin.pl/cgi-bin/koha/opac-detail.pl?biblionumber=17585
_yKatalog online BPK